| 000 | 00656nam a2200193 a 4500 | ||
|---|---|---|---|
| 001 | 000047763 | ||
| 005 | 20201002060725.0 | ||
| 008 | 180807s2018 dr a r 000 0 spa d | ||
| 020 | _a9789945125436 | ||
| 040 |
_aDO-SdBNP _bspa _cBNPHU |
||
| 082 |
_axxxx _bR696e 4to. |
||
| 100 | 1 |
_aRodríguez Rosario, Islen Elba _974874 |
|
| 245 | 1 | 0 |
_aEducación artística 4 secundaria / _cIslen Elba Rodríguez Rosario ; ilustraciones Billi J. Cena. |
| 260 |
_aSanto Domingo : _bSusaeta, _c2018. |
||
| 300 |
_a80 p. : _bil. ; _c22 cm. |
||
| 500 | _aEnfoque por competencias nuevo currículo | ||
| 590 | _aInventariado, 2018/BT | ||
| 700 | 1 |
_aCena, Billi J., _eil. _975361 |
|
| 999 |
_c47251 _d47251 |
||